| 000 | 00697nam a2200241 a 4500 | ||
|---|---|---|---|
| 001 | BRCA_7449 | ||
| 005 | 20190320205835.0 | ||
| 008 | 110413s1950----sp-a######---#000-0#spa-# | ||
| 041 | _aspa | ||
| 044 | _asp | ||
| 050 | 4 |
_aDP42 _b.O78 1950 |
|
| 100 | 1 |
_aOrtiz Echague, Jose _918347 |
|
| 245 | 1 | 0 |
_aEspaña, pueblos y paisajes _cpor Jose Ortiz Echague ; pról. de Azorin y José Ma. Salaverria. |
| 250 | _a4 | ||
| 260 |
_aMadrid _bMayfe _c1950 |
||
| 300 |
_a28 p. _bil., 312 láminas |
||
| 500 | _aQ204 | ||
| 651 | 4 |
_aEspaña _xDescripción y viajes _97912 |
|
| 700 | 1 |
_aSalaverria, Azorin _epról. _918348 |
|
| 700 | 1 |
_aSalaverria, José Ma. _epról. _918349 |
|
| 902 | _aGFM | ||
| 942 |
_2lcc _cB |
||
| 999 |
_c7125 _d7125 |
||